Belajar berfikir : idea didasarkan kepada pemahaman tentang minda manusia

Bibliographic Details
Main Author: De Bono, Edward, , 1933-
Format: Book
Published: Kuala Lumpur : Golden Books Centre , 2001
Subjects:

MARC

LEADER 00000cam a2200000 7i4500
001 0000003350
005 20050824.0
020 0 0 |a 9837204249 
090 0 0 |a 153.42   |b DEB 
100 1 0 |a De Bono, Edward, ,   |d 1933- 
245 1 0 |a Belajar berfikir :   |b idea didasarkan kepada pemahaman tentang minda manusia   |c Edward de Bono 
260 0 0 |a Kuala Lumpur :   |b Golden Books Centre ,   |c 2001 
300 |a vii, 253ms. :   |b il. ;   |c 23cm. 
500 0 0 |a Terjemahan dari: Teaching thinking 
650 0 0 |a Creative thinking 
650 0 0 |a Lateral thinking 
650 0 0 |a Thought and thinking 
999 |a 0000006324   |b Monograph   |c Open Shelf   |e Default branch